000 01537nam a2200217 a 4500
005 20150105115514.0
008 140124b2005 ck ||||| |||| 00| 0 spa d
040 _cCO-BoIH
041 _aspa
044 _ack
090 _aIAVH
_b00478
100 _aMarin Marin, Wilmer
_95079
245 _aPromoción y consumo de productos de la biodiversidad a nivel subnacional y nacional
260 _as.l.
_bInstituto Alexander von Humboldt
_c2005
300 _a22 p.
520 _aIdentificación y evaluación de las diferentes estrategias de promoción existentes en el país para dar a conocer los productos de la biodiversidad y fomentar su consumo. Se indaga sobre las estrategias de promoción institucional, regional y empresarial con el objetivo de identificar iniciativas y esquemas tendientes a fomentar el consumo de productos orgánicos y ecológicos. El estudio se realiza en el sector agrícola, turístico, artesanal y académico, se estudian las agremiaciones, empresas, productos y servicios que emplean como elemento diferenciador el medio ambiente en sus estrategias de promoción. El autor concluye en el desconocimiento de los colombianos de los "productos verdes" y, por ende, de los beneficios de consumir estos bienes y servicios, requiriéndose del esfuerzo conjunto del sector público, privado y la academia para sensibilizar a la opinión pública y fomentar el consumo de estos bienes y servicios
650 _aProductos
_92593
650 _aBiodiversidad
_930959
942 _cINFORME
_2z
945 _d2005-12-05
999 _c4937
_d4937